[Event "Olimpiada de Khanty-Mansiysk 2010"]
[Site "Khanty-Mansiysk RUS"]
[Date "2010.09.25"]
[Round "5"]
[White "Mikheev, Stanislav"]
[Black "Yamada, Kohei"]
[Result "1-0"]
[WhiteElo "2337"]
[BlackElo "2071"]
[PlyCount "75"]
[EventDate "2010.09.21"]
[EventType "team"]
[EventRounds "11"]
[EventCountry "RUS"]
[Source "lmi"]
[SourceDate "2010.09.21"]
[WhiteTeam "IPC"]
[BlackTeam "Japón"]
[BlackTeamCountry "JPN"]

1. d4 d5 2. c4 c6 3. Nf3 Nf6 4. e3 Bf5 5. Nc3 e6 6. Nh4 Be4 7. f3 Bg6 8. Nxg6
hxg6 9. Qb3 Qc7 10. Bd2 Nbd7 11. g3 Be7 12. Be2 dxc4 13. Bxc4 Nd5 14. e4 Rxh2
15. Rxh2 Qxg3+ 16. Rf2 Bh4 17. Nd1 Nf4 18. Bxf4 Qxf4 19. Ke2 Bxf2 20. Nxf2
O-O-O 21. Qe3 Qd6 22. e5 Qe7 23. Ne4 Rh8 24. Rf1 Nb6 25. Bb3 a5 26. a3 a4 27.
Ba2 Rh2+ 28. Rf2 Rh1 29. Nd6+ Kc7 30. Qf4 Ra1 31. Bc4 g5 32. Qd2 f6 33. Qa5
fxe5 34. Qxb6+ Kxd6 35. Qb4+ Kd7 36. Qxb7+ Ke8 37. Qxe7+ Kxe7 38. dxe5 1-0

[Event "Olimpiada de Khanty-Mansiysk 2010"]
[Site "Khanty-Mansiysk RUS"]
[Date "2010.09.25"]
[Round "5"]
[White "Nakamura, Ryuji"]
[Black "Vodyasov, Evgeny"]
[Result "0-1"]
[WhiteElo "2187"]
[BlackElo "2217"]
[PlyCount "70"]
[EventDate "2010.09.21"]
[EventType "team"]
[EventRounds "11"]
[EventCountry "RUS"]
[Source "lmi"]
[SourceDate "2010.09.21"]
[WhiteTeam "Japón"]
[BlackTeam "IPC"]
[WhiteTeamCountry "JPN"]

1. d4 e6 2. c4 f5 3. g3 Nf6 4. Bg2 d5 5. Nh3 c6 6. Qc2 Bd6 7. O-O O-O 8. b3 Qe7
9. Bf4 Bd7 10. Nd2 Be8 11. Nf3 Bh5 12. Bxd6 Qxd6 13. Ne5 Nbd7 14. c5 Qe7 15.
Nf4 g5 16. Nfd3 Nxe5 17. dxe5 Nd7 18. f4 gxf4 19. gxf4 Kh8 20. Kh1 Rg8 21. e3
Rg6 22. b4 Rag8 23. Bf3 Rg1+ 24. Rxg1 Bxf3+ 25. Rg2 Rxg2 26. Qxg2 Bxg2+ 27.
Kxg2 b6 28. Rc1 bxc5 29. bxc5 Qd8 30. Rb1 Qa5 31. Kf3 Nxc5 32. Rb8+ Kg7 33. Nb4
Qa4 34. Kg3 Qd1 35. Nxc6 Ne4+ 0-1

[Event "Olimpiada de Khanty-Mansiysk 2010"]
[Site "Khanty-Mansiysk RUS"]
[Date "2010.09.25"]
[Round "5"]
[White "Olape, Olubunmi"]
[Black "Arias Santana, Mauricio"]
[Result "1-0"]
[WhiteElo "2256"]
[BlackElo "2345"]
[PlyCount "166"]
[EventDate "2010.09.21"]
[EventType "team"]
[EventRounds "11"]
[EventCountry "RUS"]
[Source "lmi"]
[SourceDate "2010.09.21"]
[WhiteTeam "Nigeria"]
[BlackTeam "Costa Rica"]
[WhiteTeamCountry "NGR"]
[BlackTeamCountry "CRI"]

1. e4 e5 2. Nf3 Nc6 3. Bb5 a6 4. Ba4 Nf6 5. O-O Be7 6. Re1 b5 7. Bb3 d6 8. c3
O-O 9. d3 Bb7 10. Nbd2 h6 11. Nf1 Re8 12. Ng3 Bf8 13. Nf5 Qd7 14. N3h4 Kh7 15.
Qf3 Ng8 16. Ng3 Nd8 17. Nhf5 g6 18. Ne3 Bg7 19. h4 Nf6 20. h5 Ne6 21. Nd5 Qd8
22. Be3 c5 23. a4 Bxd5 24. Bxd5 Rb8 25. axb5 axb5 26. Ra7 Re7 27. Rea1 Nxd5 28.
exd5 Nc7 29. Qe4 Qf8 30. hxg6+ fxg6 31. Bxc5 Ne8 32. Be3 Nf6 33. Qf3 Rxa7 34.
Rxa7 Ra8 35. Rb7 Ra1+ 36. Nf1 Qc8 37. Rxb5 e4 38. Qe2 exd3 39. Qxd3 Qg4 40. f3
Qh4 41. Bf2 Qg5 42. Rb7 Nxd5 43. Bd4 Nf6 44. Qe3 Qxe3+ 45. Bxe3 g5 46. Bd4 Kg6
47. Rb6 Rb1 48. Kf2 Bf8 49. Nd2 Rc1 50. c4 Nd7 51. Rc6 Kf5 52. Ke2 Be7 53. b4
h5 54. b5 Ne5 55. Bxe5 dxe5 56. b6 Rc2 57. Kd3 Rb2 58. Kc3 Rb4 59. Nb3 e4 60.
fxe4+ Kxe4 61. Re6+ Kf4 62. Rxe7 Rxb6 63. c5 Rb8 64. Kc4 Kg3 65. Re2 h4 66. Nd4
Rf8 67. c6 g4 68. Kc5 h3 69. gxh3 gxh3 70. Ne6 Re8 71. Re3+ Kh4 72. c7 h2 73.
Re1 Kg3 74. Kd6 Kf2 75. Rb1 Ra8 76. Kc6 Kg2 77. Kb7 Rh8 78. Nf4+ Kg3 79. Rf1
h1=Q+ 80. Rxh1 Rxh1 81. c8=Q Rb1+ 82. Ka6 Kxf4 83. Qc4+ Kg5 1-0

[Event "Olimpiada de Khanty-Mansiysk 2010"]
[Site "Khanty-Mansiysk RUS"]
[Date "2010.09.25"]
[Round "5"]
[White "Efimov, Igor"]
[Black "Sorensen, Torben"]
[Result "1/2-1/2"]
[WhiteElo "2433"]
[BlackElo "2418"]
[PlyCount "116"]
[EventDate "2010.09.21"]
[EventType "team"]
[EventRounds "11"]
[EventCountry "RUS"]
[Source "lmi"]
[SourceDate "2010.09.21"]
[WhiteTeam "Mónaco"]
[BlackTeam "Malta"]
[WhiteTeamCountry "MNC"]
[BlackTeamCountry "MLT"]

1. d4 d5 2. Nf3 a6 3. Bf4 Nf6 4. e3 e6 5. Bd3 Be7 6. h3 Nbd7 7. Nbd2 O-O 8. c3
c5 9. O-O b5 10. Qe2 Bb7 11. Rad1 Qb6 12. Ne5 Rad8 13. Bg5 Rfe8 14. f4 b4 15.
f5 cxd4 16. cxd4 exf5 17. Bxf5 g6 18. Bxd7 Nxd7 19. Nxf7 Bxg5 20. Nxg5 Qxd4 21.
exd4 Rxe2 22. Rfe1 Rxe1+ 23. Rxe1 h6 24. Ngf3 Nf6 25. Re6 Kf7 26. Rb6 Bc8 27.
Ne5+ Kg7 28. Rxb4 Nd7 29. Ndf3 Nxe5 30. Nxe5 Bf5 31. Rb7+ Kf6 32. Rb6+ Kg7 33.
Rxa6 Rc8 34. Rc6 Rb8 35. b3 Rb4 36. Rc7+ Kf6 37. Nc6 Rb6 38. b4 Ke6 39. Nd8+
Kd6 40. Rb7 Ra6 41. Nf7+ Ke6 42. Nxh6 Be4 43. Ng4 Rxa2 44. Nf2 Rd2 45. b5 Rxd4
46. b6 Rb4 47. Rb8 Kf7 48. Kh2 Kg7 49. Rb7+ Kf6 50. Ng4+ Kg5 51. Nf2 Rb2 52.
Nxe4+ dxe4 53. Rb8 Kf6 54. Kg3 e3 55. Kf3 e2 56. Kf2 Kg7 57. g4 Kh7 58. h4 Kg7
1/2-1/2

[Event "Olimpiada de Khanty-Mansiysk 2010"]
[Site "Khanty-Mansiysk RUS"]
[Date "2010.09.25"]
[Round "5"]
[White "Pace, Colin"]
[Black "Van Hoolandt, Patrick"]
[Result "1/2-1/2"]
[WhiteElo "2161"]
[BlackElo "2151"]
[PlyCount "62"]
[EventDate "2010.09.21"]
[EventType "team"]
[EventRounds "11"]
[EventCountry "RUS"]
[Source "lmi"]
[SourceDate "2010.09.21"]
[WhiteTeam "Malta"]
[BlackTeam "Mónaco"]
[WhiteTeamCountry "MLT"]
[BlackTeamCountry "MNC"]

1. e4 e5 2. Nf3 Nc6 3. Bc4 Bc5 4. c3 Nf6 5. d3 a6 6. O-O Ba7 7. Bb3 d6 8. Re1
O-O 9. Bg5 h6 10. Bh4 g5 11. Bg3 Bg4 12. h3 Bh5 13. Nbd2 Bg6 14. Nf1 Nh5 15.
Qd2 Qf6 16. Kh1 Kh7 17. Ne3 Bxe3 18. Qxe3 Rae8 19. Bc2 Qg7 20. Bh2 Nf4 21. d4
f6 22. Qd2 Bh5 23. g4 Bg6 24. Bxf4 exf4 25. Kg2 Qd7 26. Re2 Kg7 27. d5 Ne5 28.
Nxe5 Rxe5 29. f3 Rfe8 30. b4 h5 31. Ree1 R8e7 1/2-1/2

[Event "Olimpiada de Khanty-Mansiysk 2010"]
[Site "Khanty-Mansiysk RUS"]
[Date "2010.09.25"]
[Round "5"]
[White "Sammut Briffa, Peter"]
[Black "Ribbegren, Karl Johan"]
[Result "0-1"]
[WhiteElo "2005"]
[BlackElo "2153"]
[PlyCount "106"]
[EventDate "2010.09.21"]
[EventType "team"]
[EventRounds "11"]
[EventCountry "RUS"]
[Source "lmi"]
[SourceDate "2010.09.21"]
[WhiteTeam "Malta"]
[BlackTeam "Mónaco"]
[WhiteTeamCountry "MLT"]
[BlackTeamCountry "MNC"]

1. e4 g6 2. d4 Bg7 3. Nc3 c6 4. f4 d5 5. e5 h5 6. Nf3 Bg4 7. Be2 e6 8. Be3 Nh6
9. Qd2 Nf5 10. Bf2 Nd7 11. O-O-O b5 12. Nb1 Nb6 13. Qa5 Qd7 14. b3 Bf8 15. g3
Be7 16. h3 Bxf3 17. Bxf3 Bd8 18. Qe1 a5 19. g4 Ng7 20. Bh4 Be7 21. Bf6 Rh7 22.
Bxg7 Rxg7 23. gxh5 gxh5 24. Bxh5 Rh7 25. Qe2 O-O-O 26. Bg4 a4 27. Qd3 Rh6 28.
f5 axb3 29. cxb3 Qa7 30. Rh2 Kd7 31. Rc2 Ra8 32. Qd2 Rhh8 33. fxe6+ fxe6 34.
Rf1 Rh7 35. Qf4 Rf8 36. Bxe6+ Kd8 37. Bf5 Rh5 38. Qg3 Rhxf5 39. Rxf5 Rxf5 40.
Qg8+ Rf8 41. Qe6 Rf1+ 42. Kb2 Na4+ 43. bxa4 Qxd4+ 44. Rc3 Rxb1+ 45. Kxb1 Qxc3
46. axb5 Qd3+ 47. Ka1 Bc5 48. Qf6+ Be7 49. Qxc6 Qd1+ 50. Kb2 Qe2+ 51. Kb1 Qe4+
52. Kc1 Bg5+ 53. Kd1 Qd3+ 0-1

[Event "Olimpiada de Khanty-Mansiysk 2010"]
[Site "Khanty-Mansiysk RUS"]
[Date "2010.09.25"]
[Round "5"]
[White "Chipanga, Chiletso"]
[Black "Abu Sufian, Shakil"]
[Result "0-1"]
[WhiteElo "2138"]
[BlackElo "2361"]
[PlyCount "122"]
[EventDate "2010.09.21"]
[EventType "team"]
[EventRounds "11"]
[EventCountry "RUS"]
[Source "lmi"]
[SourceDate "2010.09.21"]
[WhiteTeam "MAW"]
[BlackTeam "Bangladesh"]
[BlackTeamCountry "BAN"]

1. e4 c5 2. Nf3 Nc6 3. Bb5 d6 4. Bxc6+ bxc6 5. c4 e5 6. O-O Nf6 7. d3 Be7 8. h3
O-O 9. Nc3 Ne8 10. g4 Nc7 11. Nh2 Bg5 12. Ne2 Ne6 13. f4 Bxf4 14. Bxf4 exf4 15.
Nxf4 Nd4 16. Ne2 h5 17. Nxd4 cxd4 18. Qe1 hxg4 19. hxg4 d5 20. cxd5 cxd5 21. e5
Qg5 22. Qg3 Rb8 23. Rf2 Rb6 24. Re1 Re8 25. Nf3 Qxg4 26. Qxg4 Bxg4 27. Nxd4 f6
28. e6 Bxe6 29. b4 Bd7 30. Rxe8+ Bxe8 31. a3 Ra6 32. Ra2 Kf7 33. Kf2 g5 34. Ke3
Bd7 35. Nb3 Re6+ 36. Kd4 Re1 37. Rc2 Ba4 38. Rc7+ Re7 39. Rxe7+ Kxe7 40. Nc5
Bc6 41. a4 Kd6 42. b5 Ba8 43. Nb3 f5 44. Ke3 Bb7 45. d4 Bc8 46. Nc5 f4+ 47. Kf3
Bf5 48. a5 Kc7 49. Na6+ Kc8 50. Nc5 Bd7 51. b6 axb6 52. axb6 Bf5 53. Na6 Kb7
54. Nc7 Be4+ 55. Kg4 f3 56. Kg3 Kxb6 57. Ne6 g4 58. Kf2 Kb5 59. Nf4 Kc4 60. Ne6
Kd3 61. Ng7 Kxd4 0-1

[Event "Olimpiada de Khanty-Mansiysk 2010"]
[Site "Khanty-Mansiysk RUS"]
[Date "2010.09.25"]
[Round "5"]
[White "Eichab, Charles Sidney"]
[Black "Chumfwa, Stanley"]
[Result "1/2-1/2"]
[WhiteElo "2046"]
[BlackElo "2315"]
[PlyCount "65"]
[EventDate "2010.09.21"]
[EventType "team"]
[EventRounds "11"]
[EventCountry "RUS"]
[Source "lmi"]
[SourceDate "2010.09.21"]
[WhiteTeam "Namibia"]
[BlackTeam "Zambia"]
[WhiteTeamCountry "NAM"]
[BlackTeamCountry "ZAM"]

1. e4 c5 2. Nf3 d6 3. d4 cxd4 4. Qxd4 Nc6 5. Bb5 Bd7 6. Qd3 Nf6 7. Nc3 e6 8.
Bf4 a6 9. Ba4 Qa5 10. O-O Rd8 11. Bxd6 Nb4 12. Bxb4 Bxb4 13. Bxd7+ Rxd7 14. Qe3
Bxc3 15. bxc3 O-O 16. Rfb1 Rc8 17. Rb3 Rc4 18. Qa7 Qc5 19. Qxc5 Rxc5 20. Rab1
Rcc7 21. Ne5 Re7 22. f3 Ne8 23. Rb6 f6 24. Nd3 Kf7 25. c4 Rxc4 26. Rxb7 Rxc2
27. Rxe7+ Kxe7 28. Nb4 Rd2 29. Nxa6 Rxa2 30. Rb7+ Kd6 31. Rb6+ Ke7 32. Rb7+ Kd6
33. Rb6+ 1/2-1/2

[Event "Olimpiada de Khanty-Mansiysk 2010"]
[Site "Khanty-Mansiysk RUS"]
[Date "2010.09.25"]
[Round "5"]
[White "Nakapunda, Otto"]
[Black "Chumfwa, Kelvin"]
[Result "1-0"]
[WhiteElo "2073"]
[BlackElo "2224"]
[PlyCount "131"]
[EventDate "2010.09.21"]
[EventType "team"]
[EventRounds "11"]
[EventCountry "RUS"]
[Source "lmi"]
[SourceDate "2010.09.21"]
[WhiteTeam "Namibia"]
[BlackTeam "Zambia"]
[WhiteTeamCountry "NAM"]
[BlackTeamCountry "ZAM"]

1. d4 Nf6 2. Nf3 e6 3. c4 b6 4. e3 Bb7 5. Bd3 Bb4+ 6. Bd2 Be7 7. O-O O-O 8. Nc3
d6 9. e4 Nbd7 10. Re1 e5 11. Rc1 Re8 12. Bb1 Bf8 13. Nd5 c6 14. Nc3 g6 15. h3
Bg7 16. Bg5 h6 17. Bh4 g5 18. Bg3 Nh5 19. Bh2 Nf4 20. dxe5 dxe5 21. Ne2 Nc5 22.
Ng3 Ncd3 23. Bxd3 Nxd3 24. Nf5 Nxc1 25. Qxc1 Qf6 26. Rd1 Rad8 27. Rxd8 Qxd8 28.
Nxg7 Kxg7 29. Bxe5+ f6 30. Bc3 c5 31. e5 Bxf3 32. exf6+ Kg6 33. gxf3 Qd3 34.
Kg2 Re2 35. Kg3 Qc2 36. Qg1 a6 37. h4 Qf5 38. hxg5 Qxg5+ 39. Kh2 Qxg1+ 40. Kxg1
b5 41. cxb5 axb5 42. a3 Re6 43. Kg2 Rb6 44. Kg3 b4 45. axb4 cxb4 46. Be5 Rxf6
47. Bxf6 Kxf6 48. Kg4 Kg6 49. b3 h5+ 50. Kh4 Kh6 51. f4 Kg6 52. f5+ Kxf5 53.
Kxh5 Kf4 54. Kg6 Ke4 55. Kg5 Kf3 56. Kf5 Kxf2 57. Ke4 Kg3 58. Kd4 Kf4 59. Kc4
Ke5 60. Kxb4 Kd6 61. Kb5 Kc7 62. Ka6 Kb8 63. Kb6 Ka8 64. b4 Kb8 65. b5 Ka8 66.
Kc7 1-0

[Event "Olimpiada de Khanty-Mansiysk 2010"]
[Site "Khanty-Mansiysk RUS"]
[Date "2010.09.25"]
[Round "5"]
[White "Nepali, Badrilal"]
[Black "Lopez, Jasel"]
[Result "1/2-1/2"]
[WhiteElo "2135"]
[BlackElo "2101"]
[PlyCount "111"]
[EventDate "2010.09.21"]
[EventType "team"]
[EventRounds "11"]
[EventCountry "RUS"]
[Source "lmi"]
[SourceDate "2010.09.21"]
[WhiteTeam "Nepal"]
[BlackTeam "ARU"]
[WhiteTeamCountry "NEP"]

1. e4 c5 2. Nf3 d6 3. d4 cxd4 4. Nxd4 Nf6 5. Nc3 e6 6. Be3 Be7 7. f3 a6 8. Qd2
Qc7 9. g4 Nc6 10. O-O-O b5 11. Nxc6 Qxc6 12. g5 Nd7 13. Ne2 Bb7 14. Nd4 Qc7 15.
h4 Ne5 16. Kb1 Rc8 17. Qg2 Nc4 18. Bc1 d5 19. Bd3 Bd6 20. Ne2 dxe4 21. fxe4 b4
22. Nd4 Be5 23. Bxc4 Qxc4 24. b3 Qc5 25. Bb2 Rd8 26. Ne2 Bxb2 27. Rxd8+ Kxd8
28. Rd1+ Ke7 29. Kxb2 Qe5+ 30. Kb1 Bxe4 31. Qf2 Rc8 32. Rd2 Qc5 33. Nd4 Rd8 34.
Qe3 Bxc2+ 35. Rxc2 Qxd4 36. Rc7+ Ke8 37. Qf3 Qd3+ 38. Qxd3 Rxd3 39. Rc4 a5 40.
Rc8+ Ke7 41. Rh8 e5 42. Rxh7 g6 43. h5 gxh5 44. g6 Rg3 45. gxf7 Rh3 46. Kc2 h4
47. Rh5 Kxf7 48. Rxe5 Rh2+ 49. Kd3 a4 50. bxa4 Rxa2 51. Rh5 Ra3+ 52. Kc4 Rxa4
53. Kb5 Ra8 54. Kxb4 Rb8+ 55. Kc3 Rc8+ 56. Kd3 1/2-1/2

[Event "Olimpiada de Khanty-Mansiysk 2010"]
[Site "Khanty-Mansiysk RUS"]
[Date "2010.09.25"]
[Round "5"]
[White "Pesqueira, Jose"]
[Black "Shrestha, Bilam Lal"]
[Result "0-1"]
[WhiteElo "1982"]
[BlackElo "2096"]
[PlyCount "80"]
[EventDate "2010.09.21"]
[EventType "team"]
[EventRounds "11"]
[EventCountry "RUS"]
[Source "lmi"]
[SourceDate "2010.09.21"]
[WhiteTeam "ARU"]
[BlackTeam "Nepal"]
[BlackTeamCountry "NEP"]

1. d4 d6 2. c4 Nf6 3. Nc3 Nbd7 4. e4 e5 5. d5 Be7 6. Nf3 Nc5 7. Qc2 Bg4 8. Be2
O-O 9. b4 Ncd7 10. Be3 a5 11. b5 Ne8 12. O-O f5 13. exf5 Bxf5 14. Bd3 g6 15.
Ne4 Ng7 16. a4 b6 17. Bh6 Qe8 18. Rae1 Bxe4 19. Bxe4 Nc5 20. h4 Qf7 21. Re3
Rae8 22. Ng5 Bxg5 23. Bxg5 Nxe4 24. Qxe4 Nf5 25. Rf3 Qg7 26. Rh3 h6 27. Bd2 Re7
28. Rf3 Ref7 29. Rh3 Rf6 30. f4 Nd4 31. Kh1 Rf5 32. Rf2 h5 33. Kg1 Kh7 34. Rg3
exf4 35. Rg5 Rxg5 36. hxg5 Qe5 37. Qd3 f3 38. Be3 Ne2+ 39. Kh1 Qa1+ 40. Kh2
Qg1+ 0-1

[Event "Olimpiada de Khanty-Mansiysk 2010"]
[Site "Khanty-Mansiysk RUS"]
[Date "2010.09.25"]
[Round "5"]
[White "Malakar, Prachand Man"]
[Black "Croes, Octavio"]
[Result "1-0"]
[WhiteElo "1959"]
[BlackElo "1951"]
[PlyCount "89"]
[EventDate "2010.09.21"]
[EventType "team"]
[EventRounds "11"]
[EventCountry "RUS"]
[Source "lmi"]
[SourceDate "2010.09.21"]
[WhiteTeam "Nepal"]
[BlackTeam "ARU"]
[WhiteTeamCountry "NEP"]

1. d4 Nf6 2. c4 e6 3. Nc3 Bb4 4. Bd2 O-O 5. Nf3 d6 6. Qc2 Nc6 7. e4 e5 8. d5
Ne7 9. Be2 Ng6 10. h3 Bxc3 11. Bxc3 Nf4 12. Bf1 c6 13. g3 Ng6 14. Bd3 Nxe4 15.
Bxe4 f5 16. Bd3 e4 17. Be2 exf3 18. Bxf3 Re8+ 19. Kf1 c5 20. Be2 Qe7 21. Bd3
Qf7 22. f4 b5 23. b3 b4 24. Bb2 Bd7 25. Kf2 a5 26. a3 Ne7 27. Rae1 a4 28. axb4
axb3 29. Qxb3 Ba4 30. Qc3 cxb4 31. Qxb4 Reb8 32. Qc3 Rb3 33. Qd4 Bd7 34. Re2
Kf8 35. Bc2 Rbb8 36. Qxg7+ Qxg7 37. Bxg7+ Kf7 38. Ra1 Ng8 39. Rxa8 Rxa8 40. Bd4
Ra5 41. Bb6 Ra2 42. Bc7 Ra6 43. Bd3 Ra3 44. Re3 Nf6 45. Bxd6 1-0

[Event "Olimpiada de Khanty-Mansiysk 2010"]
[Site "Khanty-Mansiysk RUS"]
[Date "2010.09.25"]
[Round "5"]
[White "Wiedenkeller, Michael"]
[Black "Matoewi, Roger"]
[Result "1-0"]
[WhiteElo "2431"]
[BlackElo "2151"]
[PlyCount "58"]
[EventDate "2010.09.21"]
[EventType "team"]
[EventRounds "11"]
[EventCountry "RUS"]
[Source "lmi"]
[SourceDate "2010.09.21"]
[WhiteTeam "Luxemburgo"]
[BlackTeam "Surinam"]
[WhiteTeamCountry "LUX"]
[BlackTeamCountry "SUR"]

1. d4 f5 2. c4 Nf6 3. Nc3 g6 4. g3 Bg7 5. Bg2 d6 6. Nf3 c6 7. O-O O-O 8. d5 e5
9. dxe6 Bxe6 10. Qd3 Na6 11. Bf4 Ne4 12. Nxe4 fxe4 13. Qxe4 Nc5 14. Qe3 Bxc4
15. Rad1 Re8 16. Qc1 Bd5 17. Ng5 Bxg2 18. Kxg2 Ne4 19. Nxe4 Rxe4 20. Bxd6 Qf6
21. e3 Qf7 22. b3 a5 23. Qc2 Qe8 24. Rd2 a4 25. Rb1 axb3 26. Qxb3+ Kh8 27. Qxb7
Rd8 28. Rbd1 Rc8 29. Bc5 Rf4 1-0

[Event "Olimpiada de Khanty-Mansiysk 2010"]
[Site "Khanty-Mansiysk RUS"]
[Date "2010.09.25"]
[Round "5"]
[White "Gajadin, Dewperkash"]
[Black "Linster, Philippe"]
[Result "1-0"]
[WhiteElo "2179"]
[BlackElo "2264"]
[PlyCount "119"]
[EventDate "2010.09.21"]
[EventType "team"]
[EventRounds "11"]
[EventCountry "RUS"]
[Source "lmi"]
[SourceDate "2010.09.21"]
[WhiteTeam "Surinam"]
[BlackTeam "Luxemburgo"]
[WhiteTeamCountry "SUR"]
[BlackTeamCountry "LUX"]

1. Nf3 Nf6 2. b3 d5 3. Bb2 c6 4. e3 Bg4 5. h3 Bh5 6. c4 e6 7. Be2 Nbd7 8. O-O
Bd6 9. d4 O-O 10. Nbd2 a5 11. Ne5 Bxe2 12. Qxe2 a4 13. Nxd7 Qxd7 14. e4 dxe4
15. Nxe4 Nxe4 16. Qxe4 Bc7 17. Ba3 Rfd8 18. Rfd1 Ra5 19. Rd3 axb3 20. Rxb3 Rda8
21. Bc1 Rxa2 22. Rab1 b6 23. Bf4 Ra1 24. Be5 R8a4 25. Qf4 Bxe5 26. Qxe5 Rxb1+
27. Rxb1 Qd8 28. d5 cxd5 29. c5 Ra6 30. Qe2 Ra8 31. cxb6 Rb8 32. Qb5 Kf8 33. b7
Qc7 34. Qb4+ Ke8 35. Qa4+ Kd8 36. Qh4+ Kd7 37. Qa4+ Qc6 38. Qf4 Rxb7 39. Qxf7+
Kc8 40. Qf8+ Kc7 41. Qxg7+ Kb8 42. Qg8+ Ka7 43. Ra1+ Kb6 44. Qd8+ Qc7 45. Qf6
Qc6 46. Qd8+ Qc7 47. Qf8 Qc6 48. Qf4 Qc5 49. Rb1+ Ka7 50. Ra1+ Kb6 51. Qg4 Qc6
52. Re1 Ka7 53. Rxe6 Rb1+ 54. Kh2 Qc7+ 55. g3 Qc1 56. Qa4+ Kb8 57. Re8+ Kc7 58.
Qa7+ Kd6 59. Qe7+ Kc6 60. Rc8+ 1-0

[Event "Olimpiada de Khanty-Mansiysk 2010"]
[Site "Khanty-Mansiysk RUS"]
[Date "2010.09.25"]
[Round "5"]
[White "Jeitz, Christian"]
[Black "Mungroo, Franklin"]
[Result "1-0"]
[WhiteElo "2235"]
[BlackElo "2156"]
[PlyCount "47"]
[EventDate "2010.09.21"]
[EventType "team"]
[EventRounds "11"]
[EventCountry "RUS"]
[Source "lmi"]
[SourceDate "2010.09.21"]
[WhiteTeam "Luxemburgo"]
[BlackTeam "Surinam"]
[WhiteTeamCountry "LUX"]
[BlackTeamCountry "SUR"]

1. e4 e5 2. Nf3 Nc6 3. Bb5 a6 4. Ba4 Nf6 5. O-O b5 6. Bb3 Be7 7. Re1 d6 8. h3
Na5 9. c3 c5 10. Bc2 O-O 11. d4 Qc7 12. Bg5 h6 13. Bh4 Re8 14. a4 Rb8 15. axb5
exd4 16. cxd4 cxd4 17. Nxd4 axb5 18. Nc3 Bd7 19. Bxf6 Bxf6 20. Nd5 Qd8 21.
Nxf6+ gxf6 22. Qd2 Nc4 23. Qxh6 Qe7 24. e5 1-0

[Event "Olimpiada de Khanty-Mansiysk 2010"]
[Site "Khanty-Mansiysk RUS"]
[Date "2010.09.25"]
[Round "5"]
[White "Veer, Willem"]
[Black "Steil-Antoni, Fiona"]
[Result "0-1"]
[WhiteElo "1957"]
[BlackElo "2152"]
[PlyCount "76"]
[EventDate "2010.09.21"]
[EventType "team"]
[EventRounds "11"]
[EventCountry "RUS"]
[Source "lmi"]
[SourceDate "2010.09.21"]
[WhiteTeam "Surinam"]
[BlackTeam "Luxemburgo"]
[WhiteTeamCountry "SUR"]
[BlackTeamCountry "LUX"]

1. d4 d6 2. Nf3 Bg4 3. e3 Nd7 4. c4 e5 5. Be2 Ngf6 6. h3 Bh5 7. Nc3 c6 8. O-O
Be7 9. a3 O-O 10. b4 Re8 11. Bb2 Bf8 12. dxe5 dxe5 13. e4 Qc7 14. Qc2 Rad8 15.
Rad1 a5 16. c5 axb4 17. axb4 h6 18. g4 Bg6 19. Nh4 Bh7 20. Nf5 Bxf5 21. gxf5 b6
22. Na4 bxc5 23. Nxc5 Nxc5 24. bxc5 Rxd1 25. Rxd1 Qa5 26. Kg2 Qb4 27. f3 Nh5
28. Bc1 Bxc5 29. Bc4 Bd4 30. Qa2 Qe7 31. Kh2 c5 32. Qg2 Kh7 33. Qa2 Qh4 34. Qg2
Re7 35. Rf1 Rb7 36. Bd5 Nf4 37. Bxf4 Qxf4+ 38. Kh1 Rb2 0-1

[Event "Olimpiada de Khanty-Mansiysk 2010"]
[Site "Khanty-Mansiysk RUS"]
[Date "2010.09.25"]
[Round "5"]
[White "Baules, Jorge"]
[Black "Dekker, Marvin"]
[Result "1-0"]
[WhiteElo "2335"]
[BlackElo "2097"]
[PlyCount "59"]
[EventDate "2010.09.21"]
[EventType "team"]
[EventRounds "11"]
[EventCountry "RUS"]
[Source "lmi"]
[SourceDate "2010.09.21"]
[WhiteTeam "Panamá"]
[BlackTeam "Antillas Holandesas"]
[WhiteTeamCountry "PAN"]
[BlackTeamCountry "AHO"]

1. Nf3 c5 2. c4 Nc6 3. Nc3 Nf6 4. g3 g6 5. Bg2 Bg7 6. O-O O-O 7. d4 cxd4 8.
Nxd4 Nxd4 9. Qxd4 d6 10. Qd3 a6 11. Bg5 h6 12. Bf4 Qc7 13. Rac1 Be6 14. c5 Qxc5
15. Nd5 Qa5 16. Nxe7+ Kh7 17. Bxb7 Rae8 18. Bxd6 Qxa2 19. Ra1 Qb3 20. Qxb3 Bxb3
21. Bxa6 Ne4 22. Ba3 Nd2 23. Rfc1 Ra8 24. Bd3 Ba4 25. Rc7 Be5 26. Nxg6 Bxc7 27.
Nxf8+ Kg7 28. Bb4 Nb3 29. Ra3 Nc1 30. Bc4 1-0

[Event "Olimpiada de Khanty-Mansiysk 2010"]
[Site "Khanty-Mansiysk RUS"]
[Date "2010.09.25"]
[Round "5"]
[White "Maduro, Sherman"]
[Black "Sanchez, Jorge"]
[Result "0-1"]
[WhiteElo "2009"]
[BlackElo "2163"]
[PlyCount "76"]
[EventDate "2010.09.21"]
[EventType "team"]
[EventRounds "11"]
[EventCountry "RUS"]
[Source "lmi"]
[SourceDate "2010.09.21"]
[WhiteTeam "Antillas Holandesas"]
[BlackTeam "Panamá"]
[WhiteTeamCountry "AHO"]
[BlackTeamCountry "PAN"]

1. e4 d6 2. d4 Nf6 3. f3 g6 4. Be3 Bg7 5. Nc3 c6 6. Qd2 Nbd7 7. O-O-O b5 8. Bh6
Bxh6 9. Qxh6 b4 10. Nce2 Qa5 11. Kb1 Nb6 12. Nc1 Na4 13. Nb3 Qc7 14. g4 Be6 15.
Ne2 a5 16. d5 cxd5 17. Nf4 Bd7 18. g5 Nxb2 19. Kxb2 Qc3+ 20. Kb1 Qxf3 21. Be2
Qxf4 22. Qg7 Rg8 23. gxf6 Rxg7 24. fxg7 O-O-O 25. Rhf1 Qh6 26. Rxf7 Rg8 27.
Nxa5 Rxg7 28. Rf8+ Kc7 29. exd5 Qxh2 30. Ba6 g5 31. Ra8 Qf2 32. Bd3 g4 33. Rf1
Qd4 34. Rff8 Qb6 35. Ra6 Qg1+ 36. Rf1 Qd4 37. Rf8 g3 38. Nb3 g2 0-1

[Event "Olimpiada de Khanty-Mansiysk 2010"]
[Site "Khanty-Mansiysk RUS"]
[Date "2010.09.25"]
[Round "5"]
[White "Arosemena, Jose Luis"]
[Black "Izijk, Jimmy"]
[Result "1-0"]
[WhiteElo "2203"]
[BlackElo "2062"]
[PlyCount "93"]
[EventDate "2010.09.21"]
[EventType "team"]
[EventRounds "11"]
[EventCountry "RUS"]
[Source "lmi"]
[SourceDate "2010.09.21"]
[WhiteTeam "Panamá"]
[BlackTeam "Antillas Holandesas"]
[WhiteTeamCountry "PAN"]
[BlackTeamCountry "AHO"]

1. e4 c5 2. Nf3 Nc6 3. d4 cxd4 4. Nxd4 Nf6 5. Nc3 d6 6. Bc4 Bd7 7. O-O g6 8.
Nxc6 Bxc6 9. Qe2 Bg7 10. Bb3 O-O 11. f4 Qa5 12. f5 Qe5 13. fxg6 hxg6 14. Rf4
Bh6 15. Rxf6 Bxc1 16. Rxf7 Rxf7 17. Bxf7+ Kxf7 18. Rxc1 Kg7 19. Rf1 Rh8 20. h3
Qd4+ 21. Qf2 Qxf2+ 22. Rxf2 Rh5 23. Rd2 Re5 24. Rd4 Kf6 25. Kf2 Rc5 26. Ke3 Ke5
27. Kd3 Ke6 28. b4 Re5 29. Ne2 g5 30. g3 Kf6 31. Ng1 Kg6 32. Nf3 Re6 33. Ke3 b5
34. Nd2 Kf7 35. Rd3 Rh6 36. Nf3 Kf6 37. h4 gxh4 38. Nxh4 Kf7 39. Rc3 d5 40. e5
Ke8 41. Nf5 Rg6 42. Kf4 Kd8 43. g4 Bd7 44. Rh3 Rc6 45. c3 Ra6 46. Rh8+ Kc7 47.
Nxe7 1-0